| 000 | 00459cam a2200169ua 4500 | ||
|---|---|---|---|
| 020 | _c150.00 | ||
| 041 |
_aeng _h |
||
| 082 |
_a005.369 _bKIN/CO |
||
| 100 | _aKinkoph, Sherry . | ||
| 245 |
_aComplete IDIOT`S guide to microsoft Excel-2000 / _cSherry Kinkoph. _hTextual Documents |
||
| 260 |
_aNew Delhi : _bPrentice Hall of India Pvt Ltd. , _c1999. |
||
| 300 | _a392 ; . | ||
| 365 | _a150.00 | ||
| 504 | _a | ||
| 942 | _cBK | ||
| 999 |
_c10355 _d10355 |
||